|
|
|
|
| LEADER |
00000nab a2200000 a 4500 |
| 001 |
vtls000308309 |
| 003 |
SK-MaSNL |
| 005 |
20260303183554.0 |
| 008 |
111202c1987 xo 0 slo |
| 015 |
|
|
|a SNBRA19rr/mm-uuuuu
|
| 035 |
|
|
|a CL0318430
|
| 040 |
|
|
|a SNKBUCL
|b slo
|c SNKBUCL
|e AACR2
|
| 041 |
0 |
|
|a slo
|
| 044 |
|
|
|a xo
|c SK
|
| 080 |
|
|
|a 663/664:631.16
|2 1981
|
| 080 |
|
|
|a 631.16
|2 1981
|
| 080 |
|
|
|a 631.151
|2 1981
|
| 100 |
1 |
|
|a Hoppej, Ladislav
|4 aut
|9 939963
|
| 245 |
1 |
0 |
|a Problémy integračného fondu a ich riešenie
|c Ladislav Hoppej, Miroslav Velgos
|
| 650 |
0 |
7 |
|a potravinársky priemysel
|2 snkbucl
|9 974
|
| 650 |
0 |
7 |
|a poľnohospodárstvo
|2 snkbucl
|9 679
|
| 655 |
|
7 |
|a články zo zborníkov
|2 snkbucl
|9 166140
|
| 700 |
1 |
|
|a Velgos, Miroslav
|4 aut
|9 1212836
|
| 773 |
0 |
|
|t Ekonomická efektívnosť poľnohospodárskej výroby v podmienkach Východoslovenskej nížiny
|d Košice : KPS, 1987
|
| 850 |
|
|
|a Slovenská národná knižnica v Martine
|a MTA001
|
| 852 |
|
|
|a SNK
|b KIS3GCP
|
| 958 |
|
|
|a RK
|
| 992 |
|
|
|a RZB
|
| 999 |
|
|
|c 2121969
|d 2123899
|